000 00562nam a2200181Ia 4500
999 _c1598
_d1598
003 OSt
005 20200930151023.0
008 190216s9999||||xx |||||||||||||| ||und||
020 _a8185041547
040 _coclc
082 _a639.31
_bEAS/B
100 _aEasa, P S
_95243
245 0 _aBiodiversity Documentation For Kerala :
_bPart 8 - Freshwater Fishes /
_cP S Easa ; C P Shaji
260 _bKerala Forest Research Institution,
_aPeechi:
_c2003.
300 _a127p
650 _aBotany
942 _cBK
_2ddc
_h639.31
_iEAS/B
_k639.31
_mEAS/B